[Event "EU-chT (Men) 21st"]
[Site "Heraklion"]
[Date "2017.10.31"]
[Round "4.2"]
[White "Duda, Jan Krzysztof"]
[Black "Meier, Georg"]
[Result "1-0"]
[WhiteElo "2706"]
[BlackElo "2655"]
[Annotator "Fernandez,D"]
[PlyCount "119"]
[EventDate "2017.10.28"]
[EventType "team-swiss"]
[EventRounds "9"]
[EventCountry "GRE"]
[SourceTitle "CBM 182"]
[Source "ChessBase"]
[SourceDate "2018.01.17"]
[SourceVersion "1"]
[SourceVersionDate "2018.01.17"]
[SourceQuality "1"]
[WhiteTeam "Poland"]
[BlackTeam "Germany"]
[WhiteTeamCountry "POL"]
[BlackTeamCountry "GER"]
[WhiteClock "0:07:42"]
[BlackClock "0:02:03"]

{Another technical game, like the last, featuring my 'hero' of round 1 and
also featuring a nice technical rook endgame, interestingly again with White
having an extra b-pawn...} 1. d4 Nf6 2. c4 e6 3. Nc3 d5 4. cxd5 exd5 5. Bg5 c6
6. e3 h6 (6... Bf5 7. Qf3 Bg6 8. Bxf6 Qxf6 9. Qxf6 gxf6 10. Nf3 Nd7 11. Nh4 Be7
12. Ne2 {was the 'modern classic' Carlsen,M-Kramnik,V, Stavanger 2016}) 7. Bh4
Bf5 {The implication of ...Bf5 from Black in these positions is generally that
he is fine to play for a draw.} 8. Bd3 (8. Qf3 {would be similar to the last
note, with a minor wrinkle being that the bishop has h7 too.}) 8... Bxd3 9.
Qxd3 Be7 10. Nge2 O-O 11. f3 {We have swiftly left theoretical battlefields.
White may not be claiming any advantage as such, but he is asking a very
powerful question- with e4 unstoppable, does Black generate counterplay before
he gets overrun?} Re8 12. O-O Nbd7 13. Rad1 (13. Bf2 $5 {White could maybe
dispense with Rad1, since the rook might want to come to e1 instead later.} b5
14. Ng3) 13... b5 14. Bf2 Bf8 15. Ng3 Rc8 $6 {Doesn't give a particularly
coherent impression.} (15... h5 $5 {was a good example of drastic action Black
should have considered.}) (15... b4 16. Nce2 c5 {could have been played
immediately since that was what Black did next anyway}) 16. h3 (16. e4 $5 {
screamed out to be played. Obviously, the issue White had with this must have
been} dxe4 17. fxe4 Ng4 {else he would not have bothered playing 16.h3,
however here} 18. Qf3 $1 $14 {gives White an edge}) 16... b4 17. Nce2 c5 $1 {
Action at last.} 18. dxc5 Bxc5 19. Nf4 Qb6 {Forcing Nf5, which White likely
wanted anyway.} (19... Qa5 $1 20. Nf5 (20. Nxd5 Qxa2 21. Nxf6+ Nxf6 $11) 20...
Qxa2 {It turns out White's play is not yet so serious that Black can't go
pawn-grabbing.}) 20. Nf5 Ne5 21. Qb3 g6 (21... Nc4 $5 {must have been
considered; it seems} 22. Nxd5 Nxd5 23. Rxd5 Bxe3 (23... Nxe3 24. Rxc5 $1 {
wins on the spot.}) 24. Nxe3 Rxe3 $3 $14 {may have been the missed detail;
Black obtains a fair amount of counterplay}) 22. Nxh6+ Kg7 23. Ng4 {Picking up
a clean pawn.} Nexg4 24. fxg4 Bxe3 25. Nxd5 Nxd5 26. Qxd5 Re7 (26... Rcd8 27.
Qf3 Rxd1 28. Rxd1 Re5 {may have been a slightly better try, looking for ...Ra5
after the pieces come off, but after} 29. b3 $16 {a pawn is still a pawn.}) 27.
Qf3 Bxf2+ 28. Qxf2 Rc2 29. Qxb6 axb6 30. Rf2 Ree2 31. Rxe2 Rxe2 32. b3 $1 {
A very cute detail. Now, by virtue of his rook position on b4, White's pawn
plus is exceptionally relevant, and the position may already be technically
winning. This is a difficult endgame to annotate - if Black was not already
lost, where did he lose?} Rxa2 33. Rd4 Re2 34. Rxb4 Re6 35. Kf2 g5 {An
interesting call. It's not clear to me that this actually needed to be done,
though its idea -preventing White's g5 - is clear.} (35... f6 36. h4 Kh6 37.
Rb5 Rc6 {The idea is that g5 can always be met by a capture and ...Kh5, and
that h5 can always be ignored. This is an alternative setup, and the way to
try and break it down is obvious.} 38. Kg3 Rd6 39. Kh3 Rc6 40. g3 {Maybe this
forces ...g5.} Rd6 (40... Kg7 41. Rd5 Rc3 42. Rd7+ Kh6 43. Rf7 $1 $18) 41. g5+
fxg5 42. Rxg5 $16 {White has undoubled and the manoeuvring can continue.}) 36.
Rb5 f6 37. g3 Kg6 38. h4 Kh6 39. Kf3 Kg6 40. Rd5 Rc6 41. Ke4 Re6+ 42. Kd3 Re1 (
42... gxh4 43. gxh4 Re1 {It seems critical, as in the last line, to permit the
undoubling. Maybe this would have drawn. Maybe I would criticise it if it was
played en route to a loss...}) 43. hxg5 (43. h5+ Kh6 44. Rf5 Kg7 45. Rf3 {
could have been another idea - Black has no way to hit the pawns, and must go
back to defence, but White has improved his king to the 4th rank.}) 43... Rg1
$5 {An imaginative defence - reminding us that chess is a game of 2 players -
but unfortunately he is already dead.} 44. gxf6 Rxg3+ 45. Kc4 $18 (45. Kd4 $5
Rxg4+ 46. Ke5 {may have been better.}) 45... Rxg4+ 46. Kb5 Kxf6 47. Kxb6 Rb4+
48. Rb5 Re4 49. b4 Ke6 50. Kb7 Kd6 51. Rb6+ Kd5 (51... Kd7 52. b5 Rb4 53. Ka7
Ra4+ 54. Ra6 Rb4 55. b6 Kc8 56. Ra1) 52. Ka6 {The only winning move, but
obvious enough. The rest has been seen a hundred times; Black is cut off, this
time not on the files but on the ranks.} Rh4 53. Rb7 Rh6+ 54. Ka5 Rh1 55. b5
Kd6 56. Rg7 Kc5 57. Rc7+ Kd6 58. b6 Ra1+ 59. Kb5 Ra8 60. Rc1 1-0

[Event "Edmonton 11th"]
[Site "Edmonton"]
[Date "2016.06.25"]
[Round "8"]
[White "Shankland, Samuel L"]
[Black "Ganguly, Surya Shekhar"]
[Result "1-0"]
[WhiteElo "2646"]
[BlackElo "2654"]
[Annotator "Fischer,J"]
[PlyCount "87"]
[EventDate "2016.06.18"]
[EventType "tourn"]
[EventRounds "9"]
[EventCountry "CAN"]
[EventCategory "9"]
[SourceTitle "CBM 173 Extra"]
[Source "ChessBase"]
[SourceDate "2016.08.29"]
[SourceVersion "1"]
[SourceVersionDate "2016.08.29"]
[SourceQuality "1"]

1. d4 Nf6 2. c4 e6 3. Nc3 d5 4. cxd5 Nxd5 5. e4 Nxc3 6. bxc3 c5 7. Rb1 Be7 8.
Bc4 {This natural move is in fact a novelty.} O-O 9. Ne2 Nc6 10. O-O b6 11. Be3
Bb7 12. Nf4 cxd4 13. cxd4 {[#]} Rc8 $5 {Daring White to take on e6.} ({After} 
13... Na5 14. Bd3 Rc8 {the position is roughly equal but sharp - White will
try to attack on the kingside, Black will play on the queenside.}) 14. Nxe6 {
White accepts the invitation.} fxe6 15. Bxe6+ Kh8 16. Bxc8 Qxc8 17. Qa4 {
[#]White has rook and two pawns for two minor pieces and materially the
position is roughly equal. However, White's central pawns might become
dangerous and all in all the position is easier to play for White.} b5 $6 {
Black tries to liberate his position but even though he wins the exchange for
a pawn he is clearly worse after the following sequence.} 18. Rxb5 Ba6 19. Rfb1
Bxb5 20. Qxb5 {Now White has three pawns for a piece - and these three pawns
are strong.} h6 21. h3 a6 22. Qb7 Qxb7 23. Rxb7 Bg5 24. Rc7 Nb4 25. a3 Nd3 26.
e5 {White advances his passed pawns while Black has problems to create
counterplay.} Rb8 27. Kh2 Kh7 28. Kg3 Rf8 29. Rc6 Bf4+ 30. Kf3 {Cold-blooded -
Black has no dangerous discovered checks.} Ne1+ 31. Ke4 Nxg2 32. d5 {Now
White's passed pawns advance - White is winning.} Nxe3 33. fxe3 Bg3 34. d6 Re8
35. d7 Rd8 36. e6 Bh4 37. Kd5 Kg8 38. Rxa6 Kf8 39. Ra4 Bf6 40. Rc4 Ke7 41. Rc8
Bg5 42. a4 Bxe3 43. a5 h5 44. Kc6 {Black resigned - he cannot stop the pawns.}
1-0

[Event "Linares 09th"]
[Site "Linares"]
[Date "1991.??.??"]
[Round "6"]
[White "Ehlvest, Jaan"]
[Black "Jussupow, Artur"]
[Result "1/2-1/2"]
[WhiteElo "2650"]
[BlackElo "2605"]
[Annotator "Ftacnik,L"]
[PlyCount "93"]
[EventDate "1991.02.??"]
[EventType "tourn"]
[EventRounds "13"]
[EventCountry "ESP"]
[EventCategory "17"]
[SourceTitle "CBM 022"]
[Source "ChessBase"]
[SourceDate "1991.06.01"]
[SourceVersion "1"]
[SourceVersionDate "1991.06.01"]
[SourceQuality "1"]

1. c4 e6 2. Nc3 d5 3. d4 Be7 4. cxd5 exd5 5. Bf4 Nf6 6. e3 Bf5 7. Qb3 Nc6 8.
Qxb7 Nb4 9. Rc1 $5 {N} (9. O-O-O Rb8 10. Bb5+ Kf8 11. Qxa7 Ra8 12. Qb7 (12.
Qxc7 $2 Nxa2+ 13. Kd2 Nxc3 $15) 12... Rb8 $10) (9. Bb5+ Kf8 10. Kd2 a6 11. Ba4
Nd3 12. Bxc7 Qc8 13. Qxc8+ Rxc8 14. Ba5 Nxf2 15. Rf1 N6e4+ $14 {Salov,
V-Timoshchenko,G/URS-FL/Irkutsk/1986/ ->TD86 01}) 9... O-O 10. a3 $2 (10. Nf3
Rb8 11. Qxc7 Qxc7 12. Bxc7 Rb7 13. Ba5 Nc2+ 14. Rxc2 Bxc2 15. b3 $14) 10...
Nc2+ 11. Rxc2 Bxc2 12. Bxc7 Qc8 13. Ba6 Qxb7 14. Bxb7 Rab8 $1 15. Bxb8 Rxb8 16.
Ba6 Rxb2 17. Nge2 Rb6 $1 18. Bc8 Bxa3 $17 19. O-O Bb2 $1 20. g4 $1 $8 Bxc3 21.
Rc1 $1 (21. Nxc3 Rc6 $19) 21... Bd3 22. Nxc3 Rc6 23. Bf5 Ne4 (23... Bxf5 24.
gxf5 Ne4 25. Rb1 $1) 24. Bxe4 dxe4 25. Kg2 Kf8 26. f3 exf3+ $6 27. Kxf3 Rf6+
28. Kg3 Rf1 29. Rxf1 Bxf1 30. g5 $1 Bc4 31. Kf4 a5 32. Ke5 Ke7 33. d5 Bb3 34.
Kd4 a4 35. Nb5 Kd7 36. e4 f6 37. gxf6 gxf6 38. Kc3 Bd1 39. Kd4 Be2 40. Nc3 a3
41. Kc5 Bd3 42. Kb4 Bxe4 $1 43. Nxe4 a2 44. Nc5+ Kd6 45. Nb3 Kxd5 46. Ka3 Ke4
47. Kxa2 {Ftacnik,L} 1/2-1/2

[Event "Nalchik FIDE GP"]
[Site "Nalchik"]
[Date "2009.04.26"]
[Round "10"]
[White "Aronian, Levon"]
[Black "Eljanov, Pavel"]
[Result "1-0"]
[WhiteElo "2754"]
[BlackElo "2693"]
[Annotator "Ftacnik,L"]
[PlyCount "99"]
[EventDate "2009.04.15"]
[EventType "tourn"]
[EventRounds "13"]
[EventCountry "RUS"]
[EventCategory "19"]
[SourceTitle "CBM 130"]
[Source "ChessBase"]
[SourceDate "2009.05.20"]
[SourceVersion "1"]
[SourceVersionDate "2009.05.20"]
[SourceQuality "1"]

1. Nf3 Nf6 2. c4 e6 3. d4 d5 4. Nc3 Nbd7 5. Bf4 Bb4 6. cxd5 exd5 7. Qb3 c5 8.
dxc5 Qa5 9. a3 Bxc3+ 10. bxc3 {One of the great virtues of strong players is
usually the ability to spot riches in places, where other are barely
suspecting them. Aronian is avoiding the tempting, but unsatisfactory line
with exchange of the queens on the c3-square.} (10. Qxc3 Qxc3+ 11. bxc3 Nxc5 (
11... Ne4 12. c4 dxc4 13. c6 bxc6 14. e3 Ba6 15. Rc1 Nb6 16. Ne5 Nc5 17. Nxc4
Nxc4 18. Bxc4 Bxc4 19. Rxc4 Nd3+ 20. Ke2 Nxf4+ 21. Rxf4 $16 {1/2-1/2
Polishchuk,O (2340)-Reshetnikov,E (2341)/Wloclawek 2006 (69)}) 12. e3 (12. Be5
Ke7 13. g3 {1/2-1/2 Miles,A (2500)-Lobron,E (2530)/Amsterdam 1988}) 12... Nfe4
13. c4 dxc4 14. Bxc4 Be6 15. Bb5+ Ke7 16. Nd4 Rac8 17. O-O Nc3 18. Rfc1 Nb3 19.
Nxb3 Bxb3 20. Bf1 Rc6 21. e4 $11 {1/2-1/2 Kaufman,L (2400)-Seirawan,Y (2644)/
Seattle 2002 (24)}) 10... Qxc5 11. Qb4 $5 $146 {[%mdl 8] One of the ideas of
this move is to make castling for Black truly problematic.} (11. e3 O-O 12. Bd3
Ne4 13. O-O Nb6 14. Be5 Nc4 15. Bd4 Qc7 16. Qc2 Re8 17. Rfb1 b6 18. Rb4 Bd7 $2
(18... Bb7 $11) 19. Rxc4 $1 dxc4 20. Bxe4 $18 {1-0 Gual Pascual,A (2340)
-Gonzalez,F/Barbera 1993 (27)}) (11. Nd4 O-O $14) 11... Ne4 (11... a5 12. Qxc5
(12. Qd4 b6 13. e3 Ba6 $11) 12... Nxc5 13. Nd4 Bd7 14. f3 $14) 12. Nd4 $1 b6 {
In the future we will most likely see games with a more active pawn move
forcing exchange of the queens.} (12... a5 $5 13. Qxc5 Ndxc5 14. f3 Nxc3 15.
Rc1 N3a4 16. Nb5 Ne6 17. Nc7+ Nxc7 18. Rxc7 O-O 19. e4 dxe4 20. Bb5 Nb2 21.
fxe4 $14) (12... Qxc3+ $2 13. Qxc3 Nxc3 14. Rc1 Ne4 15. Nb5 $18) 13. f3 a5 (
13... Nxc3 $2 14. Bd2 $18) 14. Qxc5 Nexc5 15. Nf5 {This knight should play a
prominent role in making Black's life uncomfortable.} (15. O-O-O Ne6 16. Bd6
Nxd4 17. Rxd4 Bb7 18. e4 dxe4 19. fxe4 Rc8 20. Bc4 $14) 15... Ne6 (15... g6 16.
Nd6+ Ke7 17. Rd1 $14) 16. Bg3 (16. Bd6 $5 g6 17. Ne3 Bb7 (17... d4 18. cxd4
Nxd4 19. Kf2 $16) 18. Rd1 $16) 16... g6 17. Nd6+ Ke7 18. e3 $6 {This polite,
modest developing move is not good enough for an advantage. Much more
dangerous for Eljanov would have been an immediate attack against the d5-pawn.}
(18. O-O-O $1 Nf6 19. e4 dxe4 20. fxe4 Rd8 21. Be2 $16) 18... Rd8 19. Rb1 (19.
O-O-O Nf6 20. Nb5 Ba6 21. Kc2 $14) 19... Ba6 20. Kf2 f5 $6 {The best play with
pawns is obviously a very difficult task even for the best players. The more
modest advance of the f-pawn promised nearly full equality.} (20... f6 $1 21.
Nb5 Ne5 $11) 21. Nb5 Rdc8 (21... Rac8 22. Na7 $1 Rxc3 23. Bxa6 Ra8 24. Nc8+ Kd8
25. Rhc1 Rxc1 26. Rxc1 Nec5 (26... Rxa6 27. Rc6 Nec5 28. Nxb6 Nxb6 29. Rxc5 $16
) 27. Bb5 Rxc8 28. Rd1 Nf6 29. Bh4 Ke7 30. Rxd5 $16) 22. Be2 Bxb5 (22... Nf6
23. Be5 Rc6 24. Rhd1 Nd7 25. Rxd5 Nxe5 26. Rxe5 Bxb5 27. Rbxb5 Rd8 28. Rb2 $16)
23. Rxb5 Rxc3 24. Rxd5 Nf6 {Black was becoming nervous in the face of the
prospect of fighting with two knights against the potentially very dangerous
pair of bishops.} (24... Rxa3 $4 25. Bd6+ $18) (24... Rac8 $5 25. Rb1 Rc2 26.
Rbd1 $14) 25. Rd2 Nc5 26. Rb1 Nfe4+ $1 {At this position the logical
realisation of the plan represents the best solution.} (26... Rxa3 27. Rxb6
Nfe4+ 28. fxe4 Nxe4+ 29. Ke1 Nxd2 30. Bd6+ $18) 27. fxe4 Nxe4+ 28. Ke1 Nxd2 (
28... Nxg3 29. hxg3 Rxa3 30. Rxb6 Rxe3 31. Kf2 $18) 29. Kxd2 Rxa3 30. Bh4+ $1 (
30. Rxb6 Ra2+ 31. Ke1 Rc8 $132) 30... Kf7 $2 {The secret dream for White was
to get a chance to activate both bishops. The king retreat to f7 is the worst
possible decision, since the bishops will turn into untamable beasts.} (30...
Kd7 31. Rxb6 Ra2+ 32. Ke1 Rc8 $14) 31. Bc4+ Kg7 32. Rxb6 Ra4 (32... Rc8 33. Bb3
a4 34. Bf6+ Kh6 35. Bd5 $18) 33. Bf6+ Kh6 34. Rc6 Ra7 (34... Rb4 35. Rc7 a4 36.
Be2 a3 37. h4 Rxh4 38. Bxh4 a2 39. Bf6 $18) 35. h4 $1 {The black king has
hidden himself on the edge of the board, but Aronian can now dream about
mating net.} Kh5 (35... Rb4 36. e4 $1 fxe4 37. g4 $18) 36. Ke1 (36. e4 $1 fxe4
(36... Kg4 37. e5 $18) 37. Be2+ Kh6 38. g4 Ra2+ 39. Ke1 $18) 36... Rb7 (36...
Rxc4 37. Rxc4 a4 38. Rc2 $16) 37. Kf2 Rab4 (37... Ra7 38. e4 $18) 38. Bg5 {
White is consequently following his own concept of attack against the enemy
king and again ignores the tactical motif of the e-pawn advance.} (38. e4 $1
Rb2+ 39. Be2+ Rxe2+ 40. Kxe2 fxe4 41. Rc5+ Kh6 42. g4 $18) 38... Rb2+ 39. Be2+
(39. Kg3 Rd2 40. e4 Rc2 41. Bd3 Rcb2 42. exf5 $18) 39... Rxe2+ 40. Kxe2 Kg4 {
Eljanov has no time for the counter attack with the help of the advanced
a-pawn, so has to try for activity on the other side of the board.} (40... a4
41. Kf3 h6 42. Rc8 Rh7 43. Bf4 $18) 41. Kf2 Rb2+ 42. Kg1 Kg3 43. Bf4+ Kxh4 44.
Rc7 h5 (44... h6 45. Bxh6 $18) 45. Rc4 $1 Rb4 (45... Ra2 46. Kh2 a4 47. Bh6+
$18) (45... g5 46. Be5+ g4 47. Bxb2 $18) 46. Rd4 {The final stage will turn
out to be one long and elegant combination.} g5 (46... Kg4 47. Rd6 (47. Bd6+)
47... g5 48. Rg6 Rxf4 49. exf4 Kxf4 50. Ra6 $18) 47. Bd6+ Rxd4 48. exd4 Kg4 49.
d5 f4 50. Bxf4 $1 1-0

[Event "World Cup"]
[Site "Reykjavik"]
[Date "1991.??.??"]
[Round "6"]
[White "Speelman, Jonathan S"]
[Black "Andersson, Ulf"]
[Result "1/2-1/2"]
[WhiteElo "2630"]
[BlackElo "2625"]
[Annotator "Ftacnik,L"]
[PlyCount "80"]
[EventDate "1991.09.??"]
[EventType "tourn"]
[EventRounds "15"]
[EventCountry "ISL"]
[EventCategory "16"]
[SourceTitle "CBM 026"]
[Source "ChessBase"]
[SourceDate "1992.02.01"]
[SourceVersion "1"]
[SourceVersionDate "1992.02.01"]
[SourceQuality "1"]

1. d4 Nf6 2. c4 e6 3. Nc3 d5 4. cxd5 exd5 5. Bg5 c6 6. e3 Be7 7. Bd3 Nbd7 8.
Nge2 Nh5 9. Bxe7 Qxe7 10. g4 Nhf6 11. Ng3 h6 (11... g6 12. g5 Ng8 13. h4 h6 14.
h5 $5) 12. Nf5 (12. h3 Nb6 13. Qd2 Bd7 14. b3 g6 15. a4 a5 16. f3 $14 {
Kasparov,G-Spassky,B/Barcelona/1989/ ->CBM 12}) 12... Qf8 13. h4 g6 14. Ng3 Nb6
15. f3 (15. Be2 $5) 15... Qd6 16. Nce2 h5 $6 (16... Bd7 17. h5 O-O-O 18. Kf2
Rde8 $132) 17. g5 Ng8 18. Kf2 Ne7 19. a4 Be6 20. Qc2 Nd7 21. Nf4 Nf8 22. b4 (
22. Rhc1 Bd7 23. Qc5 Qxc5 24. Rxc5 $14) 22... Bd7 23. Qc5 Qc7 $1 24. b5 Ne6 25.
Nxe6 Bxe6 26. bxc6 bxc6 27. Rab1 O-O 28. Rb4 Rab8 29. Rhb1 Rxb4 30. Rxb4 (30.
Qxb4 Bf5 $1 $132) 30... Nf5 31. Bxf5 Bxf5 32. Rb3 Rb8 33. Rxb8+ Qxb8 34. Nxf5
Qh2+ 35. Kf1 gxf5 36. Qxc6 Qh1+ 37. Ke2 Qg2+ 38. Ke1 Qg1+ 39. Ke2 Qg2+ 40. Ke1
Qg1+ {Ftacnik,L} (40... Qxf3 41. Qe8+ Kg7 42. Qe5+ Kh7 43. Qe7 $10) 1/2-1/2

[Event "EU-Cup 09th Group6"]
[Site "Clichy"]
[Date "1993.09.17"]
[Round "1"]
[White "Chernin, Alexander"]
[Black "Dutreeuw, Marc"]
[Result "1-0"]
[WhiteElo "2615"]
[BlackElo "2455"]
[Annotator "Ftacnik,L"]
[PlyCount "63"]
[EventDate "1993.09.17"]
[EventType "team-k.o."]
[EventRounds "3"]
[EventCountry "FRA"]
[SourceTitle "EXT 2020"]
[Source "ChessBase"]
[SourceDate "2019.10.17"]
[SourceVersion "1"]
[SourceVersionDate "2019.10.17"]
[SourceQuality "1"]
[WhiteTeam "Graz Merkur Versicherung"]
[BlackTeam "Antwerpse Koninklijke OSK"]
[WhiteTeamCountry "AUT"]
[BlackTeamCountry "BEL"]

1. d4 d5 2. c4 e6 3. Nc3 Be7 4. cxd5 exd5 5. Bf4 Nf6 6. e3 Bf5 7. Qb3 Nc6 8.
Qxb7 Nb4 9. Bb5+ (9. Rc1 O-O 10. a3 (10. Qxc7 Qxc7 11. Bxc7 Rac8 $44 {
Rastianis,G-Ubilava,E/USSR/1983/}) 10... Nc2+ 11. Rxc2 Bxc2 12. Bxc7 Qc8 13.
Ba6 Qxb7 14. Bxb7 Rab8 15. Bxb8 Rxb8 $44 16. Ba6 $2 Rxb2 17. Nge2 Rb6 18. Bc8
Bxa3 19. O-O Bb2 $17 {Ehlvest,J-Yusupov,A/Linares/1991/0.5 (47)}) 9... Kf8 10.
Rd1 (10. Rc1 a6 11. Be2 Ne8 12. a3 Rb8 13. Qa7 Nd3+ 14. Bxd3 Bxd3 15. b4 Bc4
16. Ne4 Qc8 17. Nc5 Bb5 18. Nf3 f6 19. Bxc7 Nxc7 20. Qxc7 Qxc7 21. Ne6+ Kf7 22.
Nxc7 Rhc8 23. Kd2 Bc4 24. Rxc4 $13 {Güldner,K-Gaprindashvili,N/Neukölln/1988/0.
5 (74)}) (10. Kd2 a6 (10... Ne4+ $5 11. Nxe4 $8 Bxe4 12. Bxc7 $5 Qc8 13. Qxc8+
Rxc8 14. f3 $14 Rxc7 15. fxe4 dxe4 16. a3 $1 $8 Nd5 17. Nh3 g5 $5 18. Ba4 g4 $1
19. Nf2 f5 20. Bb3 Nxe3 $1 21. Kxe3 Rb7 22. Be6 $1 $8 Bg5+ 23. Ke2 Ke7 24. Bxf5
$10 {Thorsteins,K-Zaitsev,I/Protvino II/1988/0.5 (26)}) 11. Ba4 Nd3 (11... c5
12. Bc7 Qc8 13. Qxc8+ Rxc8 14. Bb6 c4 15. Ba5 Rb8 16. Bxb4 Bxb4 17. f3 Ba5 18.
Kc1 $16 {Olafsson,H-Thorsteins,K/Akureyri/1988/}) 12. Bxc7 Qc8 13. Qxc8+ Rxc8
14. Ba5 Nxb2 (14... Nxf2 15. Rf1 N6e4+ 16. Nxe4 Nxe4+ 17. Ke2 Nd6 18. Nf3 $16 {
Salov,V-Timoshchenko,G/Irkutsk/1986/}) 15. Bb3 Ba3 16. f3 h5 17. Nge2 Ke7 18.
Nf4 Nc4+ 19. Bxc4 Rxc4 20. Nfxd5+ Nxd5 21. Nxd5+ Kd6 22. e4 Be6 23. Ne3 Rxd4+
24. Ke2 $14 {Karolyi,T-Dutreeuw,M/Haringey/1989/1-0 (41)}) 10... Ne4 (10... a6
11. Ba4 Nd3+ 12. Rxd3 Bxd3 13. Bxc7 Qc8 14. Qb6 Bb5 15. Bb3 Qd7 16. Nge2 Rc8
17. Be5 Ne4 18. Qa5 h5 19. Nxb5 axb5 20. O-O Rh6 21. f3 Nd6 22. Nc3 Nc4 23.
Bxc4 dxc4 24. Nxb5 $15 {Gofstein,L-Ubilava,E/USSR/1983/0-1 (42)}) 11. Ba4 Nxc3
12. bxc3 Nd3+ 13. Rxd3 Bxd3 14. Bxc7 Ba6 (14... Qc8 15. Qxd5 Ba6 16. Bb3 $16)
15. Qxa6 Qxc7 16. Ne2 Bd6 17. Bb3 Rb8 18. Qd3 Qa5 19. f3 $1 g6 (19... Rxb3 20.
axb3 Qa1+ 21. Qd1 $18) 20. e4 dxe4 21. fxe4 Kg7 22. O-O $16 Rhf8 (22... f6 23.
e5 fxe5 24. Rf7+ Kh6 25. Qe3+ $18) 23. e5 Be7 24. Nf4 Bg5 (24... Rbc8 25. Nd5
Bg5 26. Qf3 $16) 25. Qf3 Qd8 (25... Bxf4 26. Qxf4 Qxc3 27. Bxf7 (27. Qf6+ Kh6
28. Bxf7 Qxd4+) 27... Rb7 28. e6 $18) 26. Nd5 Bh4 27. Qh3 h6 28. Qf3 Bg5 29. g3
Qd7 30. Nf6 Qh3 31. Ne4 f6 $2 32. exf6+ $138 (32. exf6+ Bxf6 33. Nxf6 Rb6 34.
Nh5+ $18) 1-0